00695cam a22002411 4500001001300000003000400013005001700017008004100034010001700075025001900092035002000111040001800131042001200149050001600161100001700177245003300194250001300227260006500240300002600305500008000331650002500411999001700436sa 63003453 DLC20260227111941.0820616s1962 ii a 000 0 eng  asa 63003453  aPL480:I-E-1321 a(OCoLC)10392299 aDLCcMnUdDLC apremarc00aSB473b.B531 aBirla, L. N.10aPlanning a landscape garden. a[1st ed. aCalcutta,bRoyal Agri-horticultural Society of India,c1962] a89 p.billus.c23 cm. aName of distributor, Oxford Book & Stationery Co., on label mounted on t.p. 0aLandscape gardening. c55087d55087